World Languages with an Empty Map - Statistics

General Stats
  • This quiz has been taken 14,087 times
    13,640 since last reset
  • The average score is 181 of 196
Answers on the Map
Answers color-coded by a green-red scale on the quiz's map according to % correct below.
 
Answer Stats
Language/Country % Correct
Bislama Vanuatu
100%
English Canada
100%
French Cameroon
100%
Kinyarwanda Rwanda
100%
Kirundi Burundi
100%
Seychellois Creole Seychelles
100%
Afrikaans South Africa
99%
Arabic Chad
99%
Arabic Djibouti
99%
Arabic Sudan
99%
Chewa Malawi
99%
Comorian Comoros
99%
Dutch Belgium
99%
Dutch The Netherlands
99%
English Antigua
99%
English Australia
99%
English Bahamas
99%
English Barbados
99%
English Belize
99%
English Botswana
99%
English Dominica
99%
English Gambia
99%
English Ghana
99%
English Grenada
99%
English Guyana
99%
English Jamaica
99%
English Liberia
99%
English Mauritius
99%
English Micronesia
99%
English Sierra Leone
99%
English Solomon Islands
99%
English South Sudan
99%
English St Kitts
99%
English St Lucia
99%
English St Vincent
99%
English The United States
99%
English Trinidad
99%
English United Kingdom
99%
Fijian Fiji
99%
Filipino The Philippines
99%
French Burkina Faso
99%
French Congo
99%
French Dem. Rep. of the Congo
99%
French France
99%
French Gabon
99%
French Guinea
99%
French Ivory Coast
99%
French Mali
99%
French Monaco
99%
French Niger
99%
French Senegal
99%
French Switzerland
99%
French Togo
99%
German Namibia
99%
Haitian Creole Haiti
99%
Hausa Nigeria
99%
Hiri Motu Papua New Guinea
99%
Irish Ireland
99%
Kiribati Kiribati
99%
Latin Vatican City
99%
Luxembourgish Luxemburg
99%
Malagasy Madagascar
99%
Malay Brunei
99%
Māori New Zealand
99%
Marshallese Marshall Islands
99%
Nauruan Nauru
99%
Palauan Palau
99%
Portuguese Equatorial Guinea
99%
Samoan Samoa
99%
Sango Central African Republic
99%
Shona Zimbabwe
99%
Sinhala Sri Lanka
99%
Sotho Lesotho
99%
Spainish Spain
99%
Swahili Uganda
99%
Swazi Eswatini
99%
Tamil India
99%
Tamil Singapore
99%
Tonga Zambia
99%
Tuvaluan Tuvalu
99%
Yoruba Benin
99%
Belarusian Belarus
98%
Chinese China
98%
Guaraní Paraguay
98%
Kazakh Kazakstan
98%
Kyrgyz Kyrgyzstan
98%
Quechua Bolivia
98%
Russian Russia
98%
Spanish Argentina
98%
Spanish Chile
98%
Spanish Colombia
98%
Spanish Costa Rica
98%
Spanish Cuba
98%
Spanish Dominican Republic
98%
Spanish Ecuador
98%
Spanish El Salvador
98%
Spanish Guatemala
98%
Spanish Honduras
98%
Spanish Mexico
98%
Spanish Nicaragua
98%
Spanish Panama
98%
Spanish Peru
98%
Spanish Uruguay
98%
Spanish Venezuela
98%
Arabic Israel
97%
German Austria
97%
German Germany
97%
German Liechtenstein
97%
Kurdish Iraq
97%
Somali Somalia
97%
Tigre Eritrea
97%
Arabic Algeria
96%
Arabic Bahrain
96%
Arabic Egypt
96%
Arabic Jordan
96%
Arabic Kuwait
96%
Arabic Lebanon
96%
Arabic Libya
96%
Arabic Mauritania
96%
Arabic Morocco
96%
Arabic Oman
96%
Arabic Qatar
96%
Arabic Saudi Arabia
96%
Arabic Syria
96%
Arabic Tunisia
96%
Arabic United Arab Emirates
96%
Arabic Yemen
96%
Slovenian Slovenia
96%
Italian Italy
95%
Italian San Marino
95%
Swedish Sweden
95%
Finnish Finland
94%
Greek Cyprus
94%
Portuguese Angola
94%
Portuguese Brazil
94%
Portuguese Cape Verde
94%
Portuguese Guinea Bissau
94%
Portuguese Mozambique
94%
Portuguese Portugal
94%
Taiwanese Hokkien Taiwan
94%
Tongan Tonga
94%
Polish Poland
93%
Serbian Serbia
92%
Greek Greece
91%
Mongolian Mongolia
91%
Portuguese Sao Tome
91%
Tetum East Timor
91%
Turkish Turkey
91%
Japanese Japan
90%
Czech Czech Republic
89%
Montenegrin Monte Negro
89%
Serbo-Croatian Bosnia
89%
Albanian Kosovo
88%
Hungarian Hungary
87%
Ukrainian Ukraine
87%
Norwegian Norway
86%
Slovak Slovakia
86%
Thai Thailand
86%
Farsi Iran
85%
Moldovan Moldova
85%
Bulgarian Bulgaria
84%
Korean North Korean
84%
Korean South Korea
84%
Vietnamese Vietnam
84%
Croatian Croatia
83%
Romanian Romania
83%
Indonesian Indonesia
82%
Macedonian North Macedonia
82%
Danish Denmark
81%
Malay Malaysia
81%
Albanian Albania
78%
Dutch Suriname
78%
Nepali Nepal
78%
Lao Laos
77%
Uzbek Uzbekistan
77%
Armenian Armenia
76%
Georgian Georgia
75%
Pashto Afghanistan
74%
Bengali Bangladesh
73%
Estonian Estonia
73%
Latvian Latvia
73%
Turkmen Turkmenistan
73%
Lithuanian Lithuainia
72%
Swahili Kenya
72%
Swahili Tanzania
72%
Urdu Pakistan
72%
Azerbaijani Azerbaijan
70%
Burmese Myanmar
69%
Tajik Tajikistan
69%
Icelandic Iceland
65%
Dzongkha Bhutan
61%
Khmer Cambodia
57%
Amharic Ethiopia
53%
Maltese Malta
46%
Catalan Andorra
36%
Dhivehi Maldives
31%
No matching quizzes found
Score Distribution
Percent of People with Each Score
Percentile by Number Answered
Your Score History
You have not taken this quiz since the last reset